00460nam a2200169Ia 4500008004100000020001800041041000800059082001800067100001300085245003900098250001200137260003800149300000900187500005600196650002500252700001300277230125s9999 xx 000 0 und d a0-07-022116-2 aeng a658.1599bAPT aApte P G aInternational Financial Management a5th Ed. c2010bTata McGraw HillaNew Delhi a696p aInternational financial management;International FM aFinancial Management aApte P G